<?xml version="1.0" encoding="UTF-8"?>
<record
    xmlns:xsi="http://www.w3.org/2001/XMLSchema-instance"
    xsi:schemaLocation="http://www.loc.gov/MARC21/slim http://www.loc.gov/standards/marcxml/schema/MARC21slim.xsd"
    xmlns="http://www.loc.gov/MARC21/slim">

  <leader>00601nam a22001937a 4500</leader>
  <controlfield tag="003">OSt</controlfield>
  <controlfield tag="005">20151026133602.0</controlfield>
  <controlfield tag="008">150409s2015    sp ||||  |||||0|| 0 cat|d</controlfield>
  <datafield tag="020" ind1=" " ind2=" ">
    <subfield code="a">9788475029665</subfield>
  </datafield>
  <datafield tag="040" ind1=" " ind2=" ">
    <subfield code="b">cat</subfield>
    <subfield code="c">CDMR</subfield>
  </datafield>
  <datafield tag="100" ind1="1" ind2=" ">
    <subfield code="a">S&#xE1;ez i Casas, Albert</subfield>
    <subfield code="9">3393</subfield>
  </datafield>
  <datafield tag="245" ind1="1" ind2="3">
    <subfield code="a">El Periodisme despr&#xE9;s de Twitter </subfield>
    <subfield code="b">: notes per a repensar un ofici </subfield>
    <subfield code="c">Albert S&#xE1;ez</subfield>
  </datafield>
  <datafield tag="260" ind1=" " ind2=" ">
    <subfield code="a">Val&#xE8;ncia </subfield>
    <subfield code="b">Tres i Quatre</subfield>
    <subfield code="c">2015</subfield>
  </datafield>
  <datafield tag="300" ind1=" " ind2=" ">
    <subfield code="a">252 p. ;</subfield>
    <subfield code="c">24 cm</subfield>
  </datafield>
  <datafield tag="500" ind1=" " ind2=" ">
    <subfield code="a">Bibliografia</subfield>
  </datafield>
  <datafield tag="650" ind1="0" ind2="0">
    <subfield code="a">Periodisme</subfield>
    <subfield code="x">Innovacions tecnol&#xF2;giques</subfield>
    <subfield code="2">lemac</subfield>
    <subfield code="9">2272</subfield>
  </datafield>
  <datafield tag="650" ind1="0" ind2="0">
    <subfield code="9">3128</subfield>
    <subfield code="a">Xarxes socials en l&#xED;nia</subfield>
    <subfield code="2">lemac</subfield>
  </datafield>
  <datafield tag="942" ind1=" " ind2=" ">
    <subfield code="c">MON</subfield>
  </datafield>
  <datafield tag="999" ind1=" " ind2=" ">
    <subfield code="c">6800</subfield>
    <subfield code="d">6800</subfield>
  </datafield>
  <datafield tag="952" ind1=" " ind2=" ">
    <subfield code="0">0</subfield>
    <subfield code="1">0</subfield>
    <subfield code="4">0</subfield>
    <subfield code="7">0</subfield>
    <subfield code="a">CDMR</subfield>
    <subfield code="b">CDMR</subfield>
    <subfield code="d">2015-05-07</subfield>
    <subfield code="e">Intercanvi</subfield>
    <subfield code="g">19.50</subfield>
    <subfield code="l">14</subfield>
    <subfield code="m">9</subfield>
    <subfield code="o">Ca 5</subfield>
    <subfield code="p">CDMR15050004</subfield>
    <subfield code="r">2020-01-21</subfield>
    <subfield code="s">2019-12-31</subfield>
    <subfield code="v">19.50</subfield>
    <subfield code="w">2015-05-07</subfield>
    <subfield code="y">MON</subfield>
  </datafield>
  <datafield tag="952" ind1=" " ind2=" ">
    <subfield code="0">0</subfield>
    <subfield code="1">0</subfield>
    <subfield code="4">0</subfield>
    <subfield code="7">0</subfield>
    <subfield code="a">LLEIDA</subfield>
    <subfield code="b">LLEIDA</subfield>
    <subfield code="d">2016-03-31</subfield>
    <subfield code="e">Compra</subfield>
    <subfield code="l">0</subfield>
    <subfield code="o">790 PER</subfield>
    <subfield code="p">LLEIDA16030012</subfield>
    <subfield code="r">2016-03-31</subfield>
    <subfield code="w">2016-03-31</subfield>
    <subfield code="y">MON</subfield>
  </datafield>
</record>
